Noms des 7 membres des Seven Deadly Sins - Statistiques

Statistiques générales
  • Ce quiz a été pris 164 fois
  • Le résultat moyen est 6 sur 7
Statistiques - réponses
Péchés Personnages % Correct
Le Dragon de la Colère Meliodas
99%
Le Renard de l'Avarice Ban
98%
Le Lion de l'Orgueil Escanor
95%
Le Serpent de l'Envie Diane
91%
Le Grizzly de la Paresse King
91%
Le Sanglier de la Gourmandise Merlin
90%
Le Bélier de la Luxure Gowther
76%
Aucun quiz correspondant
Distribution des résultats
% des personnes avec chaque résultat
Percentile par nombre de réponses
Votre historique - résultats
Vous n’avez pas pris ce quiz